000 01241cam a2200337 i 4500
001 48604
003 Mx-PuUPA
005 20260323121138.0
008 140415s2022 sp gr 000 0 spa d
017 _aB.13987-2022
020 _a9788433916686
040 _cMx-PuUPA
_aMx-PuUPA
_bspa
_dMx-PuUPA
_erda
041 0 _aspa
100 1 _aScolari, Carlos Alberto,
_d1963-
_eautor
_94356
245 1 3 _aLa guerra de las plataformas :
_bdel papiro al metaverso /
_cCarlos A. Scolari
250 _aPrimera edición /
_bseptiembre
264 1 _aBarcelona :
_bEditorial Anagrama,
_c2022
300 _a103 páginas ;
_c18 cm
336 _2rdacontent
_atexto
_btxt
337 _2rdamedia
_asin medio
_bn
338 _2rdacarrier
_avolumen
_bnc
490 0 _aNuevos Cuadernos de Anagrama ;
_v53
650 7 _2armarc
_aMedios digitales
_xAspectos sociales
650 7 _2armarc
_aMedios de comunicación de masas
_xInfluencia
650 7 _2armarc
_aRedes sociales
_xAspectos sociales
650 7 _2armarc
_aTecnologías de la información
_xAspectos sociales
942 _2ddc
_cLI
_h302.231
_iS42
999 _c48604
_d48604